[Event "AUTO-OPEN-3435"]
[Site "http://www.queenalice.com/game.php?id=1341398"]
[Date "2015.2.13"]
[Round "1"]
[White "puddschini"]
[Black "FrenchWolf"]
[Result "1-0"]
[WhiteElo "2527"]
[BlackElo "1489"]

1. c4 e6 2. Nc3 d5 3. d4 c6 4. Nf3 Be7 5. e4 dxe4 6. Nxe4 Nd7 7. Bf4 Ngf6 8.
Nd6+ Bxd6 9. Bxd6 Ne4 10. Bf4 O-O 11. Bd3 Qa5+ 12. Nd2 1-0

[Event "AUTO-OPEN-3435"]
[Site "http://www.queenalice.com/game.php?id=1341399"]
[Date "2015.2.13"]
[Round "1"]
[White "FrenchWolf"]
[Black "ModernWarlord"]
[Result "0-1"]
[WhiteElo "1499"]
[BlackElo "1767"]

1. Nf3 c5 2. c4 d6 3. Nc3 Nf6 4. e4 g6 5. d3 Bg7 6. Be2 O-O 7. O-O a6 8. Rb1 Bd7
9. b3 b5 10. Bb2 b4 11. Nd5 Nc6 12. Nxf6+ Bxf6 13. Bxf6 exf6 14. h3 Ne5 15. Nxe5
fxe5 16. f4 exf4 17. Rxf4 Qg5 18. Rf3 Rae8 19. Kh2 Qe5+ 20. Kh1 f5 0-1

[Event "AUTO-OPEN-3435"]
[Site "http://www.queenalice.com/game.php?id=1341400"]
[Date "2015.2.13"]
[Round "1"]
[White "ModernWarlord"]
[Black "FrenchWolf"]
[Result "1-0"]
[WhiteElo "1687"]
[BlackElo "1657"]

1. d4 d5 2. c4 e6 3. cxd5 exd5 4. Nf3 Be7 5. g3 Nf6 6. Bg2 O-O 7. O-O h6 8. e3
c6 9. a3 Bf5 10. Nbd2 Nbd7 11. b4 b5 12. Bb2 Nb6 13. Rc1 Rc8 14. Ne5 Nc4 15.
Nexc4 bxc4 16. Rc3 a6 17. Re1 Re8 18. Qf3 Bd6 19. Qxf5 1-0

[Event "AUTO-ADV-3371"]
[Site "http://www.queenalice.com/game.php?id=1346436"]
[Date "2015.3.8"]
[Round "1"]
[White "Paulsains"]
[Black "FrenchWolf"]
[Result "1-0"]
[WhiteElo "1926"]
[BlackElo "1561"]

1. e4 e6 2. Nf3 d5 3. exd5 exd5 4. Be2 Be7 5. O-O Nf6 6. d3 O-O 7. Nc3 c6 8. h3
h6 9. Bd2 Bf5 10. Nd4 Bh7 11. Qc1 Nbd7 12. Re1 Re8 13. Bf3 Bd6 14. Nce2 Nb6 15.
b3 Bc7 16. a4 1-0

[Event "AUTO-ADV-3371"]
[Site "http://www.queenalice.com/game.php?id=1346437"]
[Date "2015.3.8"]
[Round "1"]
[White "FrenchWolf"]
[Black "Paulsains"]
[Result "0-1"]
[WhiteElo "1563"]
[BlackElo "1924"]

1. Nf3 e6 2. d4 Nf6 3. a3 Be7 4. c4 O-O 5. Nc3 h6 6. e4 d6 7. Be2 b6 8. O-O Bb7
9. d5 exd5 10. exd5 c6 11. b4 cxd5 12. cxd5 Nbd7 13. Bb2 Rc8 14. Rc1 Ne5 15.
Nxe5 dxe5 0-1

[Event "AUTO-ADV-3371"]
[Site "http://www.queenalice.com/game.php?id=1346452"]
[Date "2015.3.8"]
[Round "1"]
[White "FrenchWolf"]
[Black "Spessatto"]
[Result "0-1"]
[WhiteElo "1663"]
[BlackElo "1985"]

1. Nf3 e5 2. Nxe5 a6 3. d4 Nf6 4. c4 Bb4+ 5. Bd2 Bxd2+ 6. Nxd2 d6 7. Nef3 Nc6 8.
e3 Bg4 9. Be2 O-O 10. a3 Ne7 11. O-O Ng6 12. h3 Bd7 13. b4 h6 14. c5 Qe7 15. Rc1
Nh7 16. Nb3 Ba4 17. Qd3 Ng5 18. Nxg5 Qxg5 19. Nd2 dxc5 20. Rxc5 Qe7 21. Rfc1 c6
22. Nf3 b6 23. Bd1 bxc5 24. dxc5 Rfd8 25. Qe2 Rxd1+ 0-1

[Event "AUTO-ADV-3371"]
[Site "http://www.queenalice.com/game.php?id=1346453"]
[Date "2015.3.8"]
[Round "1"]
[White "Spessatto"]
[Black "FrenchWolf"]
[Result "1-0"]
[WhiteElo "1967"]
[BlackElo "1541"]

1. d4 d5 2. h3 Nf6 3. Nf3 e6 4. Bf4 a6 5. e3 c5 6. c3 Nc6 7. Nbd2 Bd7 8. Bd3
cxd4 9. cxd4 Be7 10. Ne5 O-O 11. Ndf3 Bb4+ 12. Nd2 Nxe5 13. dxe5 Bxd2+ 14. Qxd2
Ne4 15. Qc2 f5 16. O-O Rc8 17. Qe2 Nc5 18. Bc2 Bb5 19. Qf3 Bxf1 20. Rxf1 Ne4 21.
Bxe4 dxe4 22. Qg3 Rc2 23. Rb1 Qc7 24. Bh6 Rf7 25. Bg5 Rc1+ 26. Rxc1 Qxc1+ 27.
Kh2 Qxb2 28. Qh4 Qxa2 29. Be7 Qd5 30. Bd6 Rd7 31. Qh5 Rd8 32. Qg5 Rd7 33. Qh5
Rd8 34. Qg5 Rd7 35. Qh5 1-0

[Event "AUTO-INT-2968"]
[Site "http://www.queenalice.com/game.php?id=1346559"]
[Date "2015.3.9"]
[Round "1"]
[White "BOTAFOGONISSO"]
[Black "FrenchWolf"]
[Result "1-0"]
[WhiteElo "1535"]
[BlackElo "1591"]

1. e4 e6 2. d4 d5 3. e5 c5 4. Qg4 cxd4 5. Qxd4 a6 6. Be3 Nc6 7. Qa4 Bd7 8. Qb3
Nxe5 9. Nc3 b5 10. O-O-O Be7 11. Nf3 Nc4 12. Bd4 Bg5+ 13. Nxg5 Qxg5+ 14. Be3
Nxe3 15. fxe3 Qxe3+ 16. Kb1 Qa7 17. Re1 Ne7 18. g3 O-O 19. h4 Rfb8 20. Ne2 a5
21. Qf3 Bc6 22. Rh2 d4 23. Qd3 e5 24. Bg2 Bxg2 25. Rxg2 b4 26. Rf2 a4 27. Ref1
f6 28. h5 1-0

[Event "AUTO-INT-2968"]
[Site "http://www.queenalice.com/game.php?id=1346560"]
[Date "2015.3.9"]
[Round "1"]
[White "FrenchWolf"]
[Black "BOTAFOGONISSO"]
[Result "0-1"]
[WhiteElo "1628"]
[BlackElo "1514"]

1. Nf3 d5 2. d4 e6 3. a3 h6 4. e3 a6 5. c4 Nf6 6. Nc3 dxc4 7. Bxc4 Nc6 8. O-O
Bd6 9. Bd2 b5 10. Be2 Ng4 11. h3 Nf6 12. b4 a5 13. Nxb5 Ne4 14. Nxd6+ cxd6 15.
bxa5 Nxa5 16. Bb5+ Bd7 17. Bxd7+ Qxd7 18. Bxa5 Rxa5 19. Qc2 f5 20. Nd2 d5 21.
Nxe4 fxe4 22. Rfc1 O-O 23. a4 Qf7 24. Ra2 Raa8 25. Qe2 g5 26. Rc6 h5 27. Rac2
Rxa4 28. Kh2 g4 29. hxg4 Ra7 0-1

[Event "AUTO-INT-2968"]
[Site "http://www.queenalice.com/game.php?id=1346569"]
[Date "2015.3.9"]
[Round "1"]
[White "Zodiac"]
[Black "FrenchWolf"]
[Result "1-0"]
[WhiteElo "1584"]
[BlackElo "1541"]

1. e4 e6 2. d4 d5 3. exd5 exd5 4. Nf3 Be7 5. c4 c6 6. Nc3 Nf6 7. Qc2 O-O 8. c5
h6 9. Be2 Re8 10. O-O Na6 11. a3 b6 12. b4 b5 13. h3 Nc7 14. g4 g6 15. Ne5 Nd7
16. Nxg6 Bg5 17. Nf4 Nf8 18. Bd3 Nce6 19. Nce2 Qf6 20. Nh5 Qh8 21. Bxg5 Nxg5 22.
f4 Nxh3+ 23. Kh2 1-0

[Event "AUTO-OPEN-3449"]
[Site "http://www.queenalice.com/game.php?id=1346635"]
[Date "2015.3.10"]
[Round "1"]
[White "Fauquinelle"]
[Black "FrenchWolf"]
[Result "1-0"]
[WhiteElo "1959"]
[BlackElo "1507"]

1. e4 e6 2. d4 d5 3. e5 c5 4. c3 Nc6 5. Nf3 Bd7 6. Be2 cxd4 7. cxd4 Bb4+ 8. Nbd2
Nge7 9. O-O Ba5 10. Nb3 Bb6 11. Be3 Nf5 12. Bg5 f6 13. exf6 gxf6 14. Be3 Nxe3
15. fxe3 Qe7 16. Rc1 O-O-O 17. Nc5 Kb8 18. Nxd7+ Rxd7 19. Bb5 Rc7 20. a3 1-0

[Event "AUTO-OPEN-3449"]
[Site "http://www.queenalice.com/game.php?id=1346636"]
[Date "2015.3.10"]
[Round "1"]
[White "FrenchWolf"]
[Black "Fauquinelle"]
[Result "0-1"]
[WhiteElo "1503"]
[BlackElo "1963"]

1. Nf3 f5 2. d4 Nf6 3. c4 e6 4. g3 d5 5. e3 Nc6 6. cxd5 exd5 7. a3 Bd7 8. Bg2
Bd6 9. O-O Qe7 10. Nc3 O-O-O 11. b4 Ne4 12. Nxd5 Qf7 13. Nf4 g5 14. Nd3 Rdg8 15.
Bb2 h5 16. d5 Rh7 17. dxc6 Bxc6 18. Nfe5 Qe6 19. Nxc6 bxc6 20. Bxe4 Qxe4 0-1

[Event "AUTO-OPEN-3449"]
[Site "http://www.queenalice.com/game.php?id=1346661"]
[Date "2015.3.10"]
[Round "1"]
[White "FrenchWolf"]
[Black "josebaron"]
[Result "0-1"]
[WhiteElo "1628"]
[BlackElo "2121"]

1. Nf3 d6 2. d4 Nf6 3. h3 e6 4. Bf4 Be7 5. e3 O-O 6. c4 Nh5 7. Bh2 f5 8. Be2 Nf6
9. Nc3 c6 10. O-O h6 11. a3 a5 12. b4 axb4 13. axb4 Rxa1 14. Qxa1 Qb6 15. Rb1
Ne4 16. Nxe4 fxe4 17. Nd2 d5 18. c5 Qd8 19. Bxb8 b5 20. Bg3 Bh4 21. Bxh4 Qxh4
22. Rf1 Bd7 23. Qa7 Rf7 24. f4 Qg3 25. Bg4 Qxe3+ 26. Kh1 Qxd2 27. Qa3 Qxd4 28.
Bh5 Rf8 0-1

[Event "AUTO-OPEN-3449"]
[Site "http://www.queenalice.com/game.php?id=1346662"]
[Date "2015.3.10"]
[Round "1"]
[White "josebaron"]
[Black "FrenchWolf"]
[Result "1-0"]
[WhiteElo "1943"]
[BlackElo "1564"]

1. e4 e6 2. d4 d5 3. exd5 exd5 4. Nf3 Ne7 5. Be2 c6 6. O-O g6 7. Bg5 Bg7 8. Re1
O-O 9. h3 Qd7 10. Bxe7 Qxe7 11. Bc4 Qd7 12. Bb3 Na6 13. c3 Re8 14. Nbd2 b5 15.
a3 Bb7 16. Bc2 Nc7 17. b4 Rxe1+ 18. Qxe1 Re8 19. Qf1 a6 20. Re1 Rxe1 21. Qxe1
Bc8 22. Nb3 Qe6 23. Nc5 Qxe1+ 24. Nxe1 Ne6 25. Nxe6 fxe6 26. Nf3 Kf7 27. Ng5+
Kg8 28. a4 h6 29. Nf3 e5 30. Nxe5 1-0

[Event "AUTO-OPEN-3449"]
[Site "http://www.queenalice.com/game.php?id=1346663"]
[Date "2015.3.10"]
[Round "1"]
[White "FrenchWolf"]
[Black "BlackKnight72"]
[Result "0-1"]
[WhiteElo "1476"]
[BlackElo "1713"]

1. Nf3 d5 2. d4 Nf6 3. h3 e6 4. a3 b6 5. Bf4 Be7 6. e3 Bb7 7. c4 dxc4 8. Bxc4 c5
9. O-O cxd4 10. Nxd4 O-O 11. Nc3 Nc6 12. Nxc6 Bxc6 13. Qxd8 Rfxd8 14. Rad1 a6
0-1

[Event "AUTO-OPEN-3449"]
[Site "http://www.queenalice.com/game.php?id=1346664"]
[Date "2015.3.10"]
[Round "1"]
[White "BlackKnight72"]
[Black "FrenchWolf"]
[Result "1-0"]
[WhiteElo "1706"]
[BlackElo "1483"]

1. d4 d5 2. c4 e6 3. Nc3 a6 4. cxd5 exd5 5. a3 h6 6. Nf3 Bf5 7. e3 c6 8. Be2 Be7
9. Ne5 Nf6 10. f4 Ne4 11. O-O Nxc3 12. bxc3 O-O 13. c4 Be4 14. a4 Bf6 15. c5 Nd7
16. Bf3 Bh7 17. a5 1-0

[Event "AUTO-ADV-3372"]
[Site "http://www.queenalice.com/game.php?id=1346780"]
[Date "2015.3.10"]
[Round "1"]
[White "FrenchWolf"]
[Black "bouley"]
[Result "0-1"]
[WhiteElo "1497"]
[BlackElo "2025"]

1. Nf3 Nf6 2. d4 g6 3. e3 Bg7 4. c4 O-O 5. Nc3 c6 6. Be2 d5 7. cxd5 cxd5 8. O-O
Nc6 9. a3 Bg4 10. h3 Bxf3 11. Bxf3 e6 12. b4 a6 13. Bb2 b5 14. Rc1 Rc8 15. Qe2
e5 16. dxe5 Nxe5 17. Rfd1 Nxf3+ 0-1

[Event "AUTO-ADV-3372"]
[Site "http://www.queenalice.com/game.php?id=1346781"]
[Date "2015.3.10"]
[Round "1"]
[White "bouley"]
[Black "FrenchWolf"]
[Result "1-0"]
[WhiteElo "2023"]
[BlackElo "1499"]

1. e4 e6 2. d4 d5 3. e5 c5 4. c3 Bd7 5. Nf3 Nc6 6. Be2 Qb6 7. O-O cxd4 8. cxd4
Nge7 9. Nc3 Nf5 10. Na4 Qc7 11. a3 b6 12. b4 Ncxd4 13. Nxd4 Nxd4 14. Qxd4 Bxa4
15. Bb2 Bd7 16. Rac1 1-0

[Event "AUTO-ADV-3372"]
[Site "http://www.queenalice.com/game.php?id=1346782"]
[Date "2015.3.10"]
[Round "1"]
[White "FrenchWolf"]
[Black "Fauquinelle"]
[Result "0-1"]
[WhiteElo "1501"]
[BlackElo "1965"]

1. Nf3 f5 2. d3 Nf6 3. Nc3 Nc6 4. h3 e5 5. Bg5 h6 6. Bd2 Bc5 7. e3 d5 8. a3 d4
9. exd4 exd4 10. Qe2+ Qe7 11. Qxe7+ Kxe7 12. Ne2 Re8 13. O-O-O Kf7 14. Re1 Be6
15. c3 dxc3 16. Bxc3 Bxf2 17. Rd1 Bb3 18. Rd2 a5 19. Ned4 Nxd4 0-1

[Event "AUTO-ADV-3372"]
[Site "http://www.queenalice.com/game.php?id=1346783"]
[Date "2015.3.10"]
[Round "1"]
[White "Fauquinelle"]
[Black "FrenchWolf"]
[Result "1-0"]
[WhiteElo "1961"]
[BlackElo "1505"]

1. e4 e6 2. d4 d5 3. e5 c5 4. c3 Nc6 5. Nf3 Bd7 6. Be3 cxd4 7. cxd4 Bb4+ 8. Nbd2
Qb6 9. Bd3 Nge7 10. O-O Bxd2 11. Qxd2 O-O 12. h4 Rac8 13. b3 Nb4 14. Rac1 Nxd3
15. Qxd3 Rxc1 16. Bxc1 Bb5 17. Qb1 Bxf1 18. Kxf1 Nf5 19. Be3 1-0